Tạp chí Khoa học 04/2005 = Scientific journal of Can Tho university

Gespeichert in:
Bibliographische Detailangaben
Format: Buch
Sprache:Undetermined
Veröffentlicht: Cần Thơ Trường Đại học Cần Thơ
Schlagworte:
Tags: Tag hinzufügen
Keine Tags, Fügen Sie den ersten Tag hinzu!
Thư viện lưu trữ: Trung tâm Học liệu Trường Đại học Cần Thơ
LEADER 00528nam a2200157Ia 4500
001 CTU_137731
008 210402s9999 xx 000 0 und d
082 |a 605 
082 |b Tr561 
245 0 |a Tạp chí Khoa học 04/2005 = Scientific journal of Can Tho university 
245 0 |c Trường Đại học Cần Thơ 
260 |a Cần Thơ 
260 |b Trường Đại học Cần Thơ 
650 |a Journalism, scientific 
904 |i Hạ Nguyên 
980 |a Trung tâm Học liệu Trường Đại học Cần Thơ